=LDR 00000nam 2200000 4500 =001 INLIS000000000007899 =005 20130612095830 =008 ***********************************Ind** =035 ##$$0010-061300000007899 =041 ##$$a Ind =082 ##$$a 001.6 =090 ##$$a 001.6, Had p =100 ##$$a Hadi, Jaroe =245 ##$$a Pengetahuan dasar mikro komputer, Djarot Hadi =260 ##$$a 1985 $b Jakarta =300 ##$$a 51 hlm, ilus, 20 cm =650 ##$$a Mikrokomputer =990 ##$$a 2090101410/BPAP-NTB/2015